[Event "WYCC 2018 O18"]
[Site "Halkidiki"]
[Date "2018.10.21"]
[Round "2"]
[White "Agmanov, Zhandos"]
[Black "Hakobyan, Aram"]
[Result "0-1"]
[WhiteElo "2354"]
[BlackElo "2565"]
[Annotator "TA"]
[PlyCount "84"]
[EventDate "2018.10.20"]
[EventType "swiss"]
[EventCountry "GRE"]
[SourceTitle "playchess.com"]
[Source "ChessBase"]
[SourceQuality "1"]

{[%evp 14,84,25,16,45,30,51,43,58,60,64,71,86,57,60,52,47,53,95,82,89,83,82,72,83,93,88,25,23,24,19,27,33,0,0,0,0,-42,-34,-68,-65,-62,-38,-121,-130,-175,-171,-175,-172,-162,-142,-183,-172,-183,-153,-182,-171,-203,-179,-422,-406,-417,-412,-398,-401,-379,-355,-556,-541,-1216,-1192,-1156,-1138]} 1. e4 c6 2. d4 d5 3. e5 Bf5 4. Nf3 e6 5. Be2 Nd7 6. O-O h6 7. c4 Ne7 8. b3 g5 {B12: Caro-Kann: Advance Variation} (8... Bh7 9. Nc3 Ng6 10. Bd3 Bb4 11. Ne2 O-O 12. Qc2 Re8 13. Nf4 Ndf8 14. Nh5 Nh4 15. Bxh7+ Nxh7 16. Qd3 {½-½ (43) Ponkratov,P (2622)-Bocharov,D (2576) Voronezh 2018}) 9. Nc3 Bg7 10. cxd5 exd5 {White is slightly better.} 11. Bd3 Bg4 12. h3 Bh5 13. g4 $146 ({Predecessor:} 13. Ba3 Nf8 14. Na4 b6 15. Be2 Bg6 16. Qd2 {1-0 (53) Jensen,E (2501)-Copar,A (2502) ICCF email 2011}) 13... Bg6 14. Ne2 c5 15. Ng3 cxd4 16. Re1 O-O 17. Ba3 {aiming for e6.} Re8 18. e6 Nf8 19. exf7+ $1 Bxf7 20. Bxe7 (20. Bb5 $16 Nc6 21. Nf5 Rxe1+ 22. Qxe1) 20... Rxe7 $11 21. Rxe7 Qxe7 22. Nf5 Qf6 23. Nxg7 Kxg7 24. Bf5 {[#]} d3 $1 {[%mdl 512]} 25. Bxd3 (25. Qxd3 Qxa1+) 25... Ne6 26. Bf5 Nf4 27. Kh2 Re8 {[%cal Ba8e8,Be8e2,Be2b2][%mdl 32]} (27... Ne2 {is interesting.} 28. Qf1 Re8 29. Re1 Qa6 30. Ng1 Qd6+) 28. Qd4 (28. Rc1 $1 $15) 28... Re2 $1 $17 29. Qxf6+ Kxf6 30. Kg3 Rb2 31. Nd4 Rd2 $1 {[%cal Rd2d4]} 32. Nf3 {[#]} Ne2+ $1 33. Kg2 {[#]} Rb2 $1 34. h4 d4 35. hxg5+ hxg5 {Threatens to win with ...Bd5.} 36. Rh1 $2 (36. Rd1) 36... Bd5 $19 37. Rh6+ Ke7 38. Rh7+ Kd6 39. Rd7+ Kc6 40. Rd8 (40. Rg7 {keeps fighting.} d3 41. Kh2 Bxf3 42. Rg6+ Kc7 43. Bxd3) 40... Rxa2 {Black is clearly winning.} 41. b4 Nf4+ 42. Kg3 Ra3 {Precision: White = 38%, Black = 78%.} 0-1

[Event "WYCC 2018 O18"]
[Site "Halkidiki"]
[Date "2018.10.21"]
[Round "2"]
[White "Stijve, Theo"]
[Black "Shevchenko, Kirill"]
[Result "0-1"]
[WhiteElo "2345"]
[BlackElo "2549"]
[Annotator "TA"]
[PlyCount "164"]
[EventDate "2018.10.20"]
[EventType "swiss"]
[EventCountry "GRE"]
[SourceTitle "playchess.com"]
[Source "ChessBase"]
[SourceQuality "1"]

{[%evp 27,164,37,40,47,90,-7,-16,-10,-2,-6,-9,-19,0,0,0,0,7,-13,-13,-13,-8,-10,0,0,0,-151,-34,-34,-34,-34,-34,-32,-22,-27,-16,-24,-8,-9,-10,-11,-8,-8,-2,-8,-8,-10,-10,-10,-10,-14,0,0,0,0,0,0,0,0,0,0,0,0,0,0,0,0,0,-3,0,-8,-8,-8,-8,-8,-8,-8,-8,-8,-8,-8,-8,-8,-8,-8,-8,-42,-45,-1426,-54,-1370,-1426,-1426,-1401,-1370,-1364,-671,-89,-1298,-1298,-29968,-29970,-29968,-29969,-29974,-29971,-29975,-29969,-29961,-29970,-29962,-29966,-29962,-29967,-29964,-29966,-29967,-29967,-6458,-7271,-29980,-29981,-29984,-29985,-29985,-29986,-29986,-29987,-29988,-29989,-29989,-29986,-29986,-29987,-29987,-29988,-29988,-29988,-29988,-29989]} 1. e4 c5 2. Nf3 d6 3. d4 cxd4 4. Nxd4 Nf6 5. Nc3 a6 6. Be3 e5 7. Nb3 Be6 8. f3 h5 9. Qd2 Nbd7 10. Nd5 {B90: Sicilian Najdorf: Unusual White 6th moves, 6 Be3 Ng4 and 6 Be3 e5} Bxd5 11. exd5 g6 12. Be2 Bg7 13. O-O-O (13. O-O a5 14. a4 O-O 15. Bb5 Qc7 16. c4 b6 17. h3 Nc5 18. Nxc5 bxc5 {½-½ (49) Carlsen,M (2842)-Vachier Lagrave,M (2779) Biel 2018}) 13... Qc7 14. Kb1 O-O {LiveBook: 4 Games} 15. g4 {[#]} Rac8 $146 ({Predecessor:} 15... Rfc8 16. Rc1 a5 {1-0 (59) Leko,P (2679)-Saric,I (2662) Heraklio 2017}) 16. c4 (16. Rc1 $1 $16) 16... e4 $1 $11 {[%cal Re4f3] aiming for ...exf3.} 17. gxh5 $1 exf3 18. Bxf3 {And now Bd4 would win.} Ne5 ({Don't go for} 18... Nxh5 $2 19. Bxh5 Qxc4 20. Bf3 $18) 19. Be2 Nxc4 20. Bxc4 Qxc4 21. hxg6 fxg6 22. Rhg1 Ne4 23. Qd3 Qxd3+ 24. Rxd3 Rf3 25. Rxg6 Rf1+ 26. Bc1 $2 {[#]} ({White must play} 26. Nc1 $11) 26... Kf7 ({Black should try} 26... a5 $1 $17 {[%cal Ra5a4][%mdl 512] ...a4 is the strong threat.} 27. a4 (27. Nxa5 Rfxc1#) 27... b5 $1 {[%mdl 512]}) 27. Rg2 $1 $15 Bh6 {[%cal Rf1c1]} 28. Rc2 Rxc2 29. Kxc2 Bxc1 30. Nxc1 {[%mdl 4096] Endgame KRN-KRN} Rf2+ 31. Kb1 Rxh2 32. Nb3 Kf6 33. Na5 b5 34. Nc6 Rf2 35. Kc1 Kf5 36. Ne7+ Kf4 37. Ng6+ Kg5 38. Ne7 b4 39. Nc6 Nc5 40. Rd1 Rf4 41. Kc2 Rc4+ 42. Kb1 Rf4 43. Rd4 Rxd4 44. Nxd4 $11 {KN-KN} Kf4 45. Nc6 Nd3 46. Kc2 Ke4 47. Nb8 a5 48. a3 bxa3 49. bxa3 Nc5 50. Nc6 Nb7 51. Ne7 Kd4 52. Kb3 Nc5+ 53. Kc2 Kc4 54. Nc6 Nb3 55. Ne7 Nd4+ 56. Kb2 a4 57. Nc8 $2 {[%mdl 8192]} (57. Ng8 $15) 57... Kc5 $1 $19 58. Kc3 $2 {[%mdl 8192]} (58. Ne7 $15) 58... Nb5+ $1 59. Kb2 Nc7 60. Ne7 Nxd5 61. Nf5 Nb6 $2 (61... Nc7 $19 {has better winning chances. Hoping for ...Nb5.} 62. Nh4 Nb5) 62. Ng3 $2 {[%mdl 8192]} (62. Kc2 $17) 62... Nc4+ 63. Kc3 {[#]} d5 $1 {[%cal Bd6d5,Bd5d4][%mdl 32]} 64. Ne2 Nxa3 65. Nc1 Nb5+ 66. Kc2 d4 67. Nd3+ Kd5 68. Kb2 Kc4 69. Ne5+ Kc5 70. Nd3+ Kd5 71. Kc2 Na3+ 72. Kb2 {[#]} Nc4+ $1 73. Kc2 Ne5 {Black mates.} 74. Nb2 a3 75. Na4 Kc4 76. Nb6+ Kc5 77. Na4+ Kb4 78. Nb6 a2 79. Kb2 Nc4+ 80. Nxc4 Kxc4 81. Kxa2 Kc3 82. Kb1 Kd2 {Precision: White = 48%, Black = 70%.} 0-1

[Event "WYCC 2018 O18"]
[Site "Halkidiki"]
[Date "2018.10.21"]
[Round "2"]
[White "Tran, Minh Thang"]
[Black "Van Foreest, Lucas"]
[Result "0-1"]
[WhiteElo "2341"]
[BlackElo "2499"]
[Annotator "TA"]
[PlyCount "44"]
[EventDate "2018.10.20"]
[EventType "swiss"]
[EventCountry "GRE"]
[SourceTitle "playchess.com"]
[Source "ChessBase"]
[SourceQuality "1"]

{[%evp 13,44,17,20,0,0,0,0,-15,-20,-16,-15,-114,-114,-168,-156,-202,-201,-309,-224,-366,-371,-405,-377,-419,-414,-373,-341,-547,-523,-803,-807,-720,-759]} 1. d4 d5 2. c4 e6 3. Nc3 c6 4. e3 Bd6 5. Nf3 f5 6. Bd3 Nf6 7. Qc2 Ne4 {LiveBook: 42 Games} 8. h3 {A85: Dutch Defence: 2 c4 Nf6 3 Nc3} (8. Ne5 O-O 9. O-O Qc7 10. f3 Nxc3 11. Qxc3 Nd7 12. f4 Nf6 13. c5 Be7 14. Qc2 Ne4 15. b4 Bd7 16. a4 {1-0 (38) Roubalik,J (2394)-Jasny,S (2367) Czech Republic 2018}) 8... O-O 9. a3 Nd7 10. b3 $146 {The position is equal.} ({Predecessor:} 10. b4 a6 11. Bb2 Ndf6 12. Ne5 Nxc3 13. Bxc3 Ne4 14. Bb2 Qg5 15. O-O Qe7 {1-0 (72) Nehls,B (2013)-Unterkircher,M (1864) Bayern 2016}) 10... b6 11. Bb2 $1 Bb7 12. g4 (12. O-O $11 {remains equal.}) 12... Qe7 $17 13. b4 (13. gxf5 $17 exf5 14. b4) 13... c5 (13... fxg4 14. hxg4 Rxf3 15. Nxe4 $16) 14. gxf5 {[%cal Rc3e4] [#]} Nxc3 $1 ({Don't do} 14... cxb4 15. Nxe4 b3 16. Qb1 $15 (16. f6 $2 Nxf6 17. Nxf6+ Qxf6 $19)) 15. Bxc3 (15. bxc5 {was the only defense.} bxc5 16. Qxc3 cxd4 17. Qxd4) 15... cxb4 16. axb4 (16. Bxb4 $142 Bxb4+ 17. axb4) 16... dxc4 $19 ({Inferior is} 16... Bxb4 17. Bxb4 Qxb4+ 18. Ke2 $11) 17. Be4 Nf6 {[%cal Bd7f6,Bf6e4,Be4c3][%mdl 32]} 18. Bxb7 Qxb7 19. Ke2 Ne4 20. Rhg1 $2 {[#]} (20. Be1 Rxf5 21. Nh4) 20... Rxf5 {Black is clearly winning.} 21. d5 Nxc3+ 22. Qxc3 Raf8 {Precision: White = 20%, Black = 94%.} 0-1

[Event "WYCC 2018 O18"]
[Site "Halkidiki"]
[Date "2018.10.21"]
[Round "2"]
[White "Varacalli, Francisco"]
[Black "Gazik, Viktor"]
[Result "0-1"]
[WhiteElo "2334"]
[BlackElo "2486"]
[Annotator "TA"]
[PlyCount "38"]
[EventDate "2018.10.20"]
[EventType "swiss"]
[EventCountry "GRE"]
[SourceTitle "playchess.com"]
[Source "ChessBase"]
[SourceQuality "1"]

{[%evp 16,38,5,-14,-29,-46,-68,-122,-125,-122,-122,-126,-99,-101,-110,-350,-338,-329,-268,-257,-256,-523,-507,-505,-466]} 1. e4 c5 2. Nf3 d6 3. d4 Nf6 4. Nc3 cxd4 5. Nxd4 g6 6. Be3 Bg7 7. Bc4 O-O 8. h3 a6 9. a4 {LiveBook: 3 Games. B72: Sicilian Dragon: 6 Be3, lines with h3+Bc4 and sidelines} Nxe4 (9... Nc6 10. Nb3 Na5 11. Nxa5 Qxa5 12. O-O Be6 13. Nd5 Bxd5 14. exd5 Rac8 15. Bb3 Nd7 16. c3 Rfe8 {½-½ (74) Ghaem Maghami,E (2591)-Mirzoev,A (2553) Teheran 2014}) 10. Nxe4 {[#] Nc3 is the strong threat.} d5 11. Nd2 $146 (11. O-O $15) ({Predecessor:} 11. Bb3 dxe4 12. O-O Qc7 13. c3 Nd7 14. Qc2 Nc5 15. Bd5 {0-1 (39) Perske,T (2158)-Shilov,S (2189) Police 2013}) 11... dxc4 $17 12. Nxc4 Qd5 13. Qd3 Nc6 14. Nxc6 Qxc6 15. Qe2 $2 {[#]} (15. O-O $17 {was necessary.}) 15... Be6 16. Nb6 Bxb2 17. O-O Bxa1 18. Nxa8 $2 (18. Rxa1 {only move.} Rad8 19. c4) 18... Bc4 $19 19. Qd1 Rxa8 0-1

[Event "WYCC 2018 O18"]
[Site "Halkidiki"]
[Date "2018.10.21"]
[Round "2"]
[White "Roshka, Yevgeniy"]
[Black "Livaic, Leon"]
[Result "0-1"]
[WhiteElo "2328"]
[BlackElo "2481"]
[Annotator "TA"]
[PlyCount "122"]
[EventDate "2018.10.20"]
[EventType "swiss"]
[EventCountry "GRE"]
[SourceTitle "playchess.com"]
[Source "ChessBase"]
[SourceQuality "1"]

{[%evp 9,122,27,27,16,18,24,26,25,28,29,19,21,28,21,16,14,35,27,14,30,30,29,24,2,11,11,16,19,18,0,22,0,0,-2,-11,-26,-9,-23,-16,-80,-56,-83,-85,-85,-104,-96,-110,-100,-88,-99,-83,-65,-74,-153,-167,-145,-172,-172,-150,-152,-152,-146,-144,-131,-128,-375,-357,-574,-519,-626,-408,-1079,-572,-1758,-1614,-1790,-1645,-2015,-1758,-4714,-3634,-4794,-1692,-1885,-4011,-4802,-1909,-12836,-12837,-5904,-3535,-12842,-12843,-12843,-12843,-12844,-12844,-12845,-12846,-12847,-12847,-12847,-12847,-12850,-12850,-12851,-29987,-12851,-29988,-12851,-29989,-12851,-29989,-29994,-29992]} 1. e4 c5 2. Nf3 d6 3. Bb5+ Nd7 4. O-O a6 5. Bd3 Ngf6 6. Re1 {B51: Sicilian: Moscow Variation (3 Bb5+) without 3...Bd7} (6. c3 b5 7. a4 b4 8. Bc2 Bb7 9. Re1 Qc7 10. d3 e6 11. a5 bxc3 12. bxc3 Be7 {½-½ (62) McShane,L (2672)-Nepomniachtchi,I (2768) Batumi 2018}) 6... g6 7. c3 {[%cal Bc2c3,Bc3d4][%mdl 32]} Bg7 8. Bc2 {White has an edge.} O-O 9. d4 cxd4 10. cxd4 b5 11. a4 Bb7 12. Bd2 $146 ({Predecessor:} 12. Nbd2 Qb6 {½-½ (55) Bartel,M (2349)-Smirnov,A (2523) Warsaw 2018}) 12... Qc7 13. Bd3 e5 14. dxe5 Nxe5 15. Nxe5 dxe5 16. axb5 axb5 17. Rxa8 Bxa8 (17... Rxa8 {is interesting.} 18. Qe2 b4 19. Rc1 Qd6 20. f3 Bf8) 18. Qe2 Rb8 19. Na3 b4 20. Nc4 Nd7 21. Ra1 Bf8 22. f3 Nc5 23. Be3 Bc6 24. Kh1 (24. Nd2 $11) 24... Bb5 $17 25. Bxc5 Bxc5 26. Ne3 Bxd3 27. Qxd3 Bxe3 28. Qxe3 {[%mdl 4096] Endgame [#] KQR-KQR} Qc2 $1 $36 {[%mdl 2048] Hoping for ...b3. Black is really pushing.} 29. b3 {[#]} Qc3 $1 {[%cal Rc3e3]} 30. Qa7 Rc8 31. Qa6 {[#]} (31. h4 $142) 31... Qc1+ $1 {[%mdl 512]} 32. Qf1 (32. Rxc1 Rxc1+) 32... Qxf1+ 33. Rxf1 {KR-KR} Rc3 34. Rb1 Kf8 35. Kg1 Ke7 36. Kf2 Kd6 37. Kg3 $2 (37. g4 $17 {keeps fighting.}) 37... Kc5 $19 38. Rd1 $2 (38. Kh4 {is a better defense.} Kd4 39. Kg5) 38... Rxb3 39. Rd5+ Kc6 40. Rxe5 (40. Rd8 $142 Ra3 41. Rb8) 40... Rd3 41. Re8 Rd7 42. Rc8+ Rc7 43. Rd8 b3 44. Rd1 b2 45. Rb1 Rb7 46. Kf4 Kc5 47. Kg5 Kd4 48. Kh6 f6 49. h4 Kc3 50. g4 Kc2 51. Rg1 b1=Q 52. Rxb1 Kxb1 {KR-KP} 53. f4 Kc2 54. f5 gxf5 55. exf5 {KR-K3P} Rf7 56. g5 fxg5 {( -> ...g4)} 57. Kxg5 Kd3 58. h5 Ke4 59. f6 Ke5 60. Kh6 Rxf6+ 61. Kg7 h6 {Precision: White = 34%, Black = 87%.} 0-1

[Event "WYCC 2018 O18"]
[Site "Halkidiki"]
[Date "2018.10.21"]
[Round "2"]
[White "Szustakowski, Antoni"]
[Black "Samaridis, Konstantinos"]
[Result "1-0"]
[WhiteElo "2319"]
[BlackElo "2052"]
[Annotator "TA"]
[PlyCount "51"]
[EventDate "2018.10.20"]
[EventType "swiss"]
[EventCountry "GRE"]
[SourceTitle "playchess.com"]
[Source "ChessBase"]
[SourceQuality "1"]

{[%evp 12,51,52,45,75,44,53,10,38,27,52,54,56,67,38,38,143,121,171,171,222,224,347,389,389,396,363,363,325,346,1452,1460,1181,953,938,943,1489,1472,29990,29991,29996,29997]} 1. d4 Nf6 2. c4 g6 3. Nc3 Bg7 4. e4 d6 5. Be2 O-O 6. Bg5 Nc6 7. d5 Nb4 {E73: King's Indian: Averbakh Variation without 6...c5} (7... Ne5 8. Nf3 Nxf3+ 9. Bxf3 Nd7 10. Qd2 Nc5 11. O-O a5 12. b3 Bd7 13. Rae1 b6 14. Bd1 Qe8 15. f4 b5 16. cxb5 Bxb5 17. Rf3 {1-0 (52) Gareyev,T (2653)-Naroditsky,D (2543) Saint Louis 2014}) 8. Qd2 Na6 $146 ({Predecessor:} 8... c5 9. a3 Na6 10. f3 Nc7 11. g4 a6 12. Bh6 Bd7 13. Bxg7 Kxg7 14. Nd1 b5 15. b3 {½-½ (33) Nerat,I (2034)-Glavac,I (1886) Slovenia 2017}) 9. h4 {[%cal Bh2h4,Bh4h5][%mdl 32]} c6 {The position is equal.} 10. f3 Nh5 11. g4 Ng3 12. Rh3 Nxe2 13. Ngxe2 Re8 ({Black should play} 13... h5 $14) 14. h5 $16 f6 15. Be3 Kf7 (15... g5 $142 16. Rd1 Nc7) 16. O-O-O $18 Qa5 (16... Bd7 $142 17. hxg6+ hxg6) 17. hxg6+ hxg6 18. Rh7 Rh8 {[#]} 19. Rxh8 $1 Bxh8 20. Nf4 Nc7 $2 (20... Qd8 21. Qh2 Qg8 22. Nxg6 Qxg6) 21. Qh2 Bg7 {[#]} 22. Nxg6 $1 {[%mdl 512]} Bd7 (22... Kxg6 23. Qh5#) 23. Qh5 {White wants to mate with Ne5+.} Be8 24. Rh1 b5 25. Bh6 b4 26. Bxg7 {Precision: White = 89%, Black = 30%.} 1-0

[Event "WYCC 2018 O18"]
[Site "Halkidiki"]
[Date "2018.10.21"]
[Round "2"]
[White "Dobrovoljc, Vid"]
[Black "Fakhrutdinov, Timur"]
[Result "0-1"]
[WhiteElo "2309"]
[BlackElo "2472"]
[Annotator "TA"]
[PlyCount "72"]
[EventDate "2018.10.20"]
[EventType "swiss"]
[EventCountry "GRE"]
[SourceTitle "playchess.com"]
[Source "ChessBase"]
[SourceQuality "1"]

{[%evp 17,72,0,0,0,0,0,0,0,29,29,24,8,19,0,2,0,33,33,31,12,17,17,25,-129,-9,-15,-27,-28,-25,-29,-4,-62,-68,-732,-732,-712,-692,-1046,-1035,-1085,-1068,-1318,-1283,-29971,-29972,-29972,-29973,-29973,-29974,-29972,-29975,-29975,-29975,-29973,-7043,-29974,-6416]} 1. d4 Nf6 2. c4 e6 3. Nf3 d5 4. Nc3 dxc4 5. e4 Bb4 6. Bxc4 {D24: Queen's Gambit Accepted: 3 Nf3 Nf6 4 Nc3} Nxe4 7. O-O Nxc3 8. bxc3 Bd6 9. Bg5 Be7 {LiveBook: 3 Games} 10. Bxe7 Qxe7 11. Re1 O-O 12. Ne5 Nc6 $146 ({Predecessor:} 12... Nd7 13. Nxf7 Nb6 {1-0 (49) Nakamura,H (2779)-Caruana,F (2823) Saint Louis 2016}) 13. Nxc6 bxc6 14. Rb1 Bd7 15. Rb7 Bc8 16. Rb2 Bd7 17. Re5 {[%mdl 1024] White has compensation.} Rfb8 18. Qb1 Rb6 19. Ra5 g6 20. Ba6 $2 {[#]} ({Better is} 20. Rb3 $11) 20... c5 ({Black should try} 20... e5 $1 $17 {[%cal Re5d4][%mdl 512] ...exd4 is the strong threat.} 21. dxe5 (21. Rxe5 Qa3) 21... Bf5) 21. dxc5 $11 Rxb2 22. Qxb2 Bc6 23. Bf1 Qd8 24. Qb4 ({White should play} 24. Qc2 $11) 24... Rb8 $40 {[%mdl 128] Black is up to no good.} 25. Qg4 $2 {[%mdl 8192]} (25. Qd4 $15) 25... Rb1 $19 {( -> ...Qd3)} 26. Qe2 Qg5 {[%csl Gc6][%cal Rg5g2]} 27. f3 Qc1 28. Qd3 Qe1 29. h3 Rd1 30. Qa6 {[#]} Bxf3 $1 {[%mdl 512]} 31. gxf3 Qg3+ 32. Kh1 Qxh3+ 33. Kg1 Qg3+ 34. Kh1 Qxf3+ 35. Kg1 Qg3+ 36. Kh1 Qf2 {Precision: White = 43%, Black = 60%.} (36... Rd2 $142 37. Be2 Qe1+ 38. Kh2 Rxe2+ 39. Qxe2 Qxe2+ 40. Kg3 Qd3+ 41. Kg2 Qxc3 42. Rxa7 Qxc5 43. Ra8+ Kg7 44. Rb8 Qd5+ 45. Kg1 c5 46. Rb1 c4 47. Re1 c3 48. Re2 Qd1+ 49. Kf2 c2 50. Rxc2 Qxc2+ 51. Ke3 e5 52. Kf3 e4+ 53. Ke3 Qd3+ 54. Kf2 Qf3+ 55. Kg1 e3 56. a3 e2 57. Kh2 e1=Q 58. a4 Qfh1#) 0-1

[Event "WYCC 2018 O18"]
[Site "Halkidiki"]
[Date "2018.10.21"]
[Round "2"]
[White "Carnicelli, Valerio"]
[Black "Pultinevicius, Paulius"]
[Result "0-1"]
[WhiteElo "2299"]
[BlackElo "2465"]
[Annotator "TA"]
[PlyCount "52"]
[EventDate "2018.10.20"]
[EventType "swiss"]
[EventCountry "GRE"]
[SourceTitle "playchess.com"]
[Source "ChessBase"]
[SourceQuality "1"]

{[%evp 11,52,32,36,35,26,12,45,47,77,79,83,74,170,156,150,146,160,69,139,130,139,137,127,154,154,85,179,0,0,0,0,-14,16,0,0,-79,-72,-250,-250,-250,-262,-545,-563]} 1. e4 {[%cal Be2e4,Be4e5][%mdl 32]} c6 2. d4 d5 3. e5 Bf5 4. Nc3 a6 5. g4 Bd7 6. Be3 {B12: Caro-Kann: Advance Variation} e6 {LiveBook: 8 Games} 7. f4 c5 8. Nf3 {White has an edge.} h5 $146 ({Predecessor:} 8... cxd4 9. Nxd4 Nc6 10. Qf3 Nxd4 11. Bxd4 Ne7 12. O-O-O Nc6 {0-1 (30) Sanchez Saez,F (2298)-Peralta,F (2615) La Roda 2014}) 9. g5 ({But not} 9. dxc5 hxg4 10. Nd4 Nh6 $17) 9... Ne7 10. dxc5 Nf5 11. Bf2 Bc6 (11... Qa5 $16) 12. Bd3 $36 {[%mdl 2048] Black is under strong pressure.} d4 {[#]} 13. Ne4 $1 Bxc5 14. Qd2 (14. Nxc5 $16 {Hoping for 0-0.} Qa5+ 15. c3 Qxc5 16. Nxd4 Bxh1 17. Nxf5) 14... Be7 {[#]} (14... Nd7 $14) 15. g6 $1 $16 {[%mdl 512]} fxg6 16. O-O-O Qd5 17. Kb1 Nd7 18. Rhe1 (18. Rhg1 $142) 18... Nb6 (18... O-O $16) 19. Bxd4 $2 (19. c3 $18) 19... Nxd4 $11 {[#]} 20. Nf6+ $1 {[%mdl 512]} gxf6 (20... Bxf6 21. Bxg6+) 21. Bxg6+ Kf8 22. Nxd4 f5 $1 {Strongly threatening ...Qd7.} 23. Qc3 (23. Qc1 $1 $11 {keeps the balance.}) 23... Rd8 {Threatens to win with ...Rh6.} 24. Rd3 $2 (24. Rg1 $17 {was called for.}) 24... Bb5 $19 25. Nxb5 Qxb5 26. Rg3 $2 (26. Rxd8+ {was forced.} Bxd8 27. Rd1) 26... Na4 {Precision: White = 36%, Black = 41%.} 0-1

[Event "WYCC 2018 O18"]
[Site "Halkidiki"]
[Date "2018.10.21"]
[Round "2"]
[White "Kouskoutis, Georgios-Alexandros"]
[Black "Makhnev, Denis"]
[Result "0-1"]
[WhiteElo "2296"]
[BlackElo "2442"]
[Annotator "TA"]
[PlyCount "96"]
[EventDate "2018.10.20"]
[EventType "swiss"]
[EventCountry "GRE"]
[SourceTitle "playchess.com"]
[Source "ChessBase"]
[SourceQuality "1"]

{[%evp 15,96,-4,1,-29,6,2,16,15,7,0,89,59,73,62,55,41,50,-27,-25,-25,-25,-21,-23,-24,-31,-63,-54,-62,-46,-63,-61,-68,-63,-91,-97,-98,-89,-101,-86,-127,-121,-123,-131,-103,-123,-141,-128,-145,-145,-145,-147,-147,-143,-147,-143,-175,-145,-145,-139,-278,-257,-336,-336,-353,-341,-418,-412,-427,-390,-386,-386,-386,-386,-369,-369,-562,-536,-1315,-935,-400,-325,-939,-667]} 1. c4 e5 2. g3 c6 3. Bg2 Nf6 4. Nf3 e4 5. Nd4 d5 6. cxd5 Qxd5 7. e3 {A20: Englische Eröffnung} Qe5 (7... Na6 8. d3 Bb4+ 9. Nc3 Nc5 10. O-O Bxc3 11. dxe4 Ncxe4 12. bxc3 O-O 13. Qc2 c5 14. Nb3 Bf5 {0-1 (59) Gelfand,B (2729)-Inarkiev,E (2702) Nazran 2017}) 8. Nc3 Bc5 {LiveBook: 15 Partien} 9. f4 {Die Stellung ist ausgeglichen.} exf3 10. Nxf3 Qe7 (10... Qh5 {keeps more tension.} 11. O-O O-O 12. d4 Bb6 13. Ne5 Qxd1 14. Rxd1 Be6) 11. O-O O-O 12. d4 Bb4 (12... Bb6 $11 {bleibt in der Remisbreite.}) 13. a3 $146 ({Vorgänger:} 13. Ne5 Nbd7 14. Nd3 {0-1 (36) Babic,D (2302)-Fercec,N (2508) Bizovac 2006}) 13... Bxc3 14. bxc3 Bf5 15. a4 Nbd7 16. Ne5 ({Günstiger ist} 16. Nh4 $14 Be4 17. Nf5) 16... Qe6 $1 $11 17. Nxd7 Qxd7 18. c4 Rfe8 19. Rf4 Be4 20. a5 Bxg2 21. Kxg2 Qe6 22. Qd3 Rad8 23. Rb1 Rd7 24. h3 h5 25. Bd2 Ne4 26. Be1 Nd6 27. d5 cxd5 ({Ein No Go ist} 27... Qxe3 $6 28. Qxe3 Rxe3 29. Bf2 $11) 28. cxd5 Qxe3 29. Qxe3 Rxe3 30. Bf2 Ra3 31. Bxa7 Rxa5 32. Bb8 Rxd5 33. Rfb4 Rd2+ 34. Kg1 {[#]} Rd3 $1 35. Kg2 Re7 36. Bxd6 Rxd6 37. Rxb7 $17 {[%mdl 4096] Endspiel KTT-KTT} (37. R1b3 $17) 37... Rd2+ $19 38. Kf3 {[#]} Rd3+ $1 39. Kf2 Ree3 40. Rb8+ Kh7 41. R1b5 Rf3+ 42. Ke2 Rde3+ 43. Kd2 Rxg3 44. Rxh5+ Kg6 45. Rbh8 (45. Rh4 $142) 45... Ra3 46. Ke2 Rgb3 {( -> ...Tb2+)} 47. Kd1 Rb2 {[%cal Ra3a1]} 48. Rc5 $2 (48. Kc1 Rh2 49. Kb1) 48... Rh2 {Precision: Weiß = 46%, Schwarz = 77%.} 0-1

[Event "WYCC 2018 O18"]
[Site "Halkidiki"]
[Date "2018.10.21"]
[Round "2"]
[White "Lazov, Toni"]
[Black "Fawzy, Adham"]
[Result "0-1"]
[WhiteElo "2292"]
[BlackElo "2439"]
[Annotator "TA"]
[PlyCount "40"]
[EventDate "2018.10.20"]
[EventType "swiss"]
[EventCountry "GRE"]
[SourceTitle "playchess.com"]
[Source "ChessBase"]
[SourceQuality "1"]

{[%evp 16,40,16,3,0,8,0,2,19,-13,8,10,8,-21,0,0,20,3,52,31,71,65,41,6,0,-345,-343]} 1. e4 c5 2. Nf3 Nc6 3. Bb5 g6 4. Bxc6 dxc6 5. d3 Bg7 6. h3 Nf6 7. Nc3 Nd7 {B31: Sicilian: 2...Nc6 3 Bb5 g6} (7... O-O 8. O-O Ne8 9. Be3 b6 10. e5 f6 11. Re1 Nc7 12. Qd2 fxe5 13. Bh6 Rxf3 14. Bxg7 Kxg7 15. gxf3 Bxh3 16. Rxe5 e6 17. Rg5 {1-0 (33) Caruana,F (2827)-Gelfand,B (2703) Batumi 2018}) 8. O-O e5 9. Nh2 {LiveBook: 3 Games} Nf8 {[%cal Bd7f8,Bf8e6,Be6d4,Bd4b5,Bb5d6,Bd6c4][%mdl 32] The position is equal.} 10. f4 exf4 11. Bxf4 Ne6 12. Bg3 (12. Be3 {is interesting.} Nd4 13. Qd2 O-O 14. Rae1 b6 15. Rf2) 12... Nd4 13. Qd2 $146 ({Predecessor:} 13. Nf3 O-O 14. Qd2 f5 15. exf5 Nxf3+ 16. Rxf3 Bxf5 {0-1 (47) Okhotnik,V (2446)-Cuenca Jimenez,J (2477) Hamburg 2012}) 13... O-O 14. Rae1 f5 15. Kh1 h6 16. Nd1 g5 17. c3 $1 {[%cal Rc3d4]} Nb5 {[#]} 18. exf5 $1 Bxf5 19. a4 Nd6 20. Be5 $2 {[%mdl 8192] [#]} (20. Qe3 $11 {and White has nothing to worry.}) 20... Nc4 $1 {[%mdl 512] Precision: White = 59%, Black = 41%.} 0-1